Quizzes
Events
Quiz Creation
Community
Videos
Private Events
Remove Ads
Sign In
Join for FREE
Feedback
Dark Mode
Quiz Categories
Sports
Geography
Music
Movies
Television
Just For Fun
Miscellaneous
History
Literature
Language
Science
Gaming
Entertainment
Religion
Holiday
For Kids
Quiz Lab
Recent
Popular Today
Quiz Kudos Today
Editor Picks
Curator Picks
Quizzes by...
Day
Popularity
Type
Ratings
Length
Year
Community
Subscriptions
Recent Discussions
Orange Saloon
Badges
Playlists
Quests
Create
Leaderboards
Showdown
Live 5
Trivia Bingo
Activity
Puzzle Library
Sporcle Events
Private Events
Virtual Trivia
Globe League
Become a Host
Pub Owners
SporcleCon
Opinionation
Our Games
Videos
Blog
Mobile Apps
Partnerships
Remove Ads and Go Orange
Feedback
Sports
Athletes
MLB
NBA
NHL
NFL
Soccer
Sports Teams
WWE
NCAA
Football
Premier League
Basketball
Baseball
Hockey
Golf
Tennis
Cricket
Rugby
Auto Racing
Olympics
World Cup
Sports
Athletes
MLB
NBA
NHL
NFL
Soccer
Sports Teams
WWE
NCAA
Football
Premier League
Basketball
Baseball
Hockey
Golf
Tennis
Cricket
Rugby
Auto Racing
Olympics
World Cup
Random Quiz
Search Sporcle
×
Quiz Lab
Quiz Lab
Sports
Baseball
Type in answers that appear in a list
Type in answers that appear in a list
Classic
Best Score? Go Orange.
30 Saves per Team: 2005-2010 Stats
Can you name the closers of each MLB team from 2005-2010 with at least 30 saves?
By
GeorgiaPeach
10m
59 Questions
301 Plays
301 Plays
301 Plays
Comments
Comments
Give Quiz Kudos
Give Quiz Kudos
-
- Ratings
hide this ad
More Info
Replay
Link that replays current quiz
Next Quiz
Link to next quiz in quiz playlist
You Got
0%
They Got
Avg Score
66%
Avg Friend Score
Upgrade to see
Score Distribution
Jump to the score distribution portion of the page
Score
0/59
Timer
10:00
0
Plays Today
Team
Closer
% Correct
Boston Red Sox
Jonathan Papelbon
95.7%
New York Yankees
Mariano Rivera
95.3%
Los Angeles Angels of Anaheim
Francisco Rodriguez
93%
New York Mets
Francisco Rodriguez
93%
San Francisco Giants
Brian Wilson
92.7%
Houston Astros
Brad Lidge
92.4%
Philadelphia Phillies
Brad Lidge
92.4%
Atlanta Braves
Billy Wagner
91.4%
New York Mets
Billy Wagner
91.4%
San Diego Padres
Trevor Hoffman
91.4%
Milwaukee Brewers
Trevor Hoffman
91.4%
Philadelphia Phillies
Billy Wagner
91.4%
Minnesota Twins
Joe Nathan
90.4%
Kansas City Royals
Joakim Soria
88%
Chicago White Sox
Bobby Jenks
86.4%
Cincinnati Reds
Francisco Cordero
84.1%
Milwaukee Brewers
Francisco Cordero
84.1%
Texas Rangers
Francisco Cordero
84.1%
Washington Nationals
Chad Cordero
84.1%
Arizona Diamondbacks
Jose Valverde
82.4%
Houston Astros
Jose Valverde
82.4%
St. Louis Cardinals
Jason Isringhausen
81.1%
Colorado Rockies
Huston Street
79.1%
Oakland Athletics
Huston Street
79.1%
San Diego Padres
Heath Bell
79.1%
Tampa Bay Rays
Rafael Soriano
77.4%
Chicago Cubs
Carlos Marmol
76.7%
Texas Rangers
Neftali Feliz
76.4%
Los Angeles Dodgers
Jonathan Broxton
74.1%
Colorado Rockies
Brian Fuentes
73.4%
Team
Closer
% Correct
Los Angeles Angels of Anaheim
Brian Fuentes
73.4%
Chicago Cubs
Kerry Wood
71.8%
Baltimore Orioles
B.J. Ryan
69.8%
Toronto Blue Jays
B.J. Ryan
69.8%
Detroit Tigers
Todd Jones
68.8%
Florida Marlins
Todd Jones
68.8%
Seattle Mariners
J.J. Putz
64.5%
St. Louis Cardinals
Ryan Franklin
62.8%
Detroit Tigers
Fernando Rodney
58.5%
Florida Marlins
Kevin Gregg
56.8%
Toronto Blue Jays
Kevin Gregg
56.8%
Cleveland Indians
Bob Wickman
50.5%
Seattle Mariners
David Aardsma
48.8%
Chicago Cubs
Ryan Dempster
47.2%
Florida Marlins
Leo Nunez
46.8%
Florida Marlins
Joe Borowski
46.8%
Cleveland Indians
Joe Borowski
46.8%
Baltimore Orioles
George Sherrill
43.2%
Los Angeles Dodgers
Takashi Saito
40.9%
Milwaukee Brewers
Derrick Turnbow
36.5%
Baltimore Orioles
Chris Ray
34.9%
Tampa Bay Rays
Danys Baez
32.2%
Philadelphia Phillies
Tom Gordon
28.9%
Seattle Mariners
Eddie Guardado
27.9%
Chicago White Sox
Dustin Hermanson
27.2%
Cincinnati Reds
David Weathers
24.3%
Toronto Blue Jays
Jeremy Accardo
17.9%
Toronto Blue Jays
Miguel Batista
15.3%
Texas Rangers
Akinori Otsuka
14.6%
Quiz Playlist
Details
Report
Send in Message
Add To Playlist
More Info:
Years indicate the seasons a closer attained at least 30 saves for the team; Pirates had no one reach this
Classic:
Type in answers that appear in a list
Last Updated: Feb 16, 2017
Quiz Scoreboard
CHALLENGE
Sign Up to Join the Scoreboard
Show All
Scores
Hide
Comments
May contain spoilers
Recently Published
Street Fighter Characters
by Artimus82
Gaming
60s
9x9 Crossword: Cartoon Network
by jackfrog10
Miscellaneous
3m
College Basketball Coaching Resumes
by pancakes188
Sports
9m
More to Explore
Quiz From the Vault
Featured Blog Post
Where Did the Easter Bunny Come From?
hide this ad
You Might Also Like...
Tags
Baseball Quiz
MLB Quiz
2000s
Closer
least
Save
team
Today's Top Quizzes in Sports
Browse Sports
hide this ad
Today's Top Quizzes in Baseball
Browse Baseball
Top Contributed Quizzes in Sports
1
2022 World Cup Stars
2
Les meilleurs buteurs des matchs entre le PSG et l’OM
3
FIFA Club World Cup Champions
4
Les entraîneurs de l'OM et du PSG au 21e siècle
5
Criteria MLB: Left Handed Sluggers
6
2023 MLB Unique Player Accomplishments
7
AFC Teams Reveal (Wrong Answers Minefield)
8
Players with Multiple 50 Home Run Seasons
9
5-to-1: FBS Animal Nicknames
10
5-to-1: UK Sports Teams
Explore More
Trending Topics
Marvel
Kpop
NBA
Harry Potter
Crossword
Disney
Anime
WWE
The Office
Song
Pokémon
NFL
Soccer
Country
Puzzle
hide this ad
More By:
GeorgiaPeach
Quiz
Plays
Rating
Category
Featured
Created
Profile: George Costanza
134,537
4.49
Television
Jan 12, 2010
MLB HR Leaders by Decade
113,185
4.58
Sports
Jul 5, 2010
Most Hits With One MLB Team
69,097
4.53
Sports
Oct 5, 2009
American History: 1950s
55,673
4.31
History
Jul 11, 2011
Highest Oscar Win Percentage
49,788
4.25
Movies
Oct 3, 2009
Go to Creator's Profile
Score Distribution
Quiz Creator Spotlight
GeorgiaPeach
Follow
Send a Message
Quizzes Created
-
Created Quiz Play Count
-
More By This Creator
Popular Quizzes Today
1
Find the US States - No Outlines Minefield
2
Find the Countries of Europe - No Outlines Minefield
3
The Countries of the World
4
Find the US States
5
Risky Map Clicking: Biggest States A-Z
6
US States
7
Popular People in 1961
8
Movies - When Are They Set?
More Sports Quizzes
Dolph Ziggler's WWE Intercontinental Championship Wins
Quiz Lab
Trending Quizzes
Risky Map Clicking: Least Populous States A-Z
1-10 Letter G Words
Risky Map Clicking: Next State Alphabetically
Adjectives in 80s TV Shows
The Seven Year Switch: Catherine
Recently Updated
Leaping Animals
pecheneg
Reality TV Shows (A-Z)
bhenderson79
Rickey Henderson's Hall of Fame Teammates
pecheneg
Champions League XIs: Arsenal
pecheneg
Quick Pick: Celebrities in WWE's Hall of Fame
aduchscher
A-Z Keypad Blitz II
pecheneg
Multiple Oscar Actors
pecheneg
Mystery Phrase Blitz: Oscar 'Best Actors'
pecheneg
F. Scott Fitzgerald Novels
LTH
Pick 3 Villains
ddd62291
Trending Topics
Disney
Anime
Marvel
NBA
Kpop
Crossword
Harry Potter
Puzzle
Country
NFL
WWE
Soccer
Pokémon
The Office
Song
Your Account Isn't Verified!
In order to create a playlist on Sporcle, you need to verify the email address you used during registration. Go to your
Sporcle Settings
to finish the process.
Report this User
Report this user for behavior that violates our
Community Guidelines
.
Details:
Send Report
Go to the Sporcle.com Mobile Site →
Comments